Family life in western societies : a historical sociology of family relationships in Britain and North America

Αποθηκεύτηκε σε:
Λεπτομέρειες βιβλιογραφικής εγγραφής
Κύριος συγγραφέας: Goldthorpe, J. E. (John Ernest)
Μορφή: Βιβλίο
Γλώσσα:English
Δημοσίευση: Cambridge : Cambridge University Press, 1987
Θέματα:
Ετικέτες: Προσθήκη ετικέτας
Δεν υπάρχουν, Καταχωρήστε ετικέτα πρώτοι!

MARC

LEADER 00000nam a2200000 i 4500
001 1/5292
008 960527s1987 eng d
020 |a 0-521-33752-6 
035 |l 10015953 
040 |a GR-MY-UA  |b gre  |e aacr 
041 0 |a eng 
082 0 |a 306.850941 
100 1 |a Goldthorpe, J. E.  |q (John Ernest) 
245 1 0 |a Family life in western societies :  |b a historical sociology of family relationships in Britain and North America /  |c J. E. Goldthorpe 
260 |a Cambridge :   |b Cambridge University Press,   |c 1987 
300 |a 285 p. 
504 |a Includes index and bibliographical references 
650 0 0 |a Family  |z Great Britain  |x History. 
650 0 0 |a Family  |z United States  |x History. 
852 |a INST  |b LESVOS  |e 19960527  |h 306.850941 GOL  |p 005100004691  |q 005100004691  |t BK  |y 0 
909 |a Λ  |b 010273